Statuen von berühmten Personen - Statistiken

Allgemein
  • Dieses Quiz wurde 3.604 mal gespielt
    3.442 seit der letzten Aktualisierung
  • Das Durchschnittsergebnis liegt bei 9 aus 16
Antwortstatistiken
Bildquiz Hint Antwort % Korrekt
Rio de Janeiro Jesus
98%
Washington D.C. Abraham Lincoln
91%
Madeira Cristiano Ronaldo
91%
Chemnitz Karl Marx
73%
Hongkong Bruce Lee
70%
Chicago Michael Jordan
70%
Hongkong Buddha
67%
Ulaanbaatar Dschingis Khan
62%
Salzburg Mozart
54%
Seattle (original Slowakei) V.I. Lenin
48%
Bagdad Saddam Hussein
44%
Berlin Nofretete
43%
London Horatio Nelson
28%
Köln Wilhelm II.
21%
London Richard Löwenherz
18%
Rom Mark Aurel
14%
Keine übereinstimmenden Quizze gefunden
Verteilung der Resultate
Anzahl Personen mit jedem Resultat
Perzentil nach korrekt beantworteten Fragen
Ihre Resultats-Entwicklung
Sie haben dieses Quiz seit der letzten Aktualisierung nicht gespielt